000 00632nam 22001933 4500
001 201930
090 _a201930
100 _a20260423d u||y0pory50 ba
200 _aCrítica do teatro na comédia antiga
_fMaria de Fátima Sousa e Silva
205 _a
210 _aCoimbra
_cInstituto Nacional de Investigação Científica
_d1987
215 _a480, [4] p.
_cbrochado
_d23 cm
225 _aEstudos de cultura clássica
_h2
606 _93661
_aCrítica Literária.Estudos Literários
675 _a82.09
_vPT
_zpor
700 _911721
_aSilva
_bMaria de Fátima Sousa e
_f1950-
801 _aPT
_bBMMN
_gRPC
830 _cVanda
990 _cLIVROS